000 00967nas a2200313 4500
001 BR2015001474
003 BR-BrBNA
005 20231205125109.0
007 ta
008 230509b bl.|||p| |||| 00| 00por d
040 _aBR-BrBNA
_bpor
_cBiblioteca Nacional de Agricultura
041 _a(Pt)
072 _aE16
100 1 _aFelipe, F.I.
100 1 _aAlves, L.R.A.
100 1 _aCamargo, S.G.C. de
245 1 _aPanorama e perspectivas para a indústria de fécula de mandioca no Brasil
650 _aMANDIOCA
650 _aMANIHOT ESCULENTA
650 _aFECULA
650 _aAMIDO
650 _aINDUSTRIA ALIMENTICIA
650 _aECONOMIA DA PRODUCAO
650 _aCOMERCIO
773 0 _tRevista Raízes e Amidos Tropicais (Brazil)
_xISSN 1808-981X
_g(2010), v. 6(1) p. 134-146
_wBR2015001474
856 4 0 _uhttp://energia.fca.unesp.br/index.php/rat/article/view/1114/461
909 _a202311
_bLúcia
_c55
_dLúcia Elande
942 _2AGRIS
_n0
_cANA
999 _c242609
_d242609